000 00514nam a2200181Ia 4500
003 GCL
008 140319s9999 xx 000 0 ara d
040 _aGCL /
_cGCL
082 0 4 _a239
_bم س
100 1 _aمحمد الطيب النجار
245 1 0 _aدراسات فى السيرة النبوية /
_cمحمد الطيب النجار
300 _a333
490 _aكتاب
_v0
650 0 4 _aالاسلام
650 0 4 _aالسيرة النبوية
650 0 4 _aاخلاق الرسول
942 _2ddc
_cBK
999 _c42936
_d42936